Spelling Bee - Statistics

General Stats
  • This quiz has been taken 31 times
  • The average score is 6 of 10
Answer Stats
Definition Origin Pronunciation Answer % Correct
The opposition to the disestablishment of the Church of England Latin ˌæntiˌdɪsɪˌstæblɪʃmənˈtɛəɹiəˌnɪz(ə)m(an-tye-dihs-ehs-tab-lish-mehn-TAIR-ee-an-ih-sm) antidisestablishmentarianism
87%
The theoretical study of law Latin ˌd͡ʒʊəɹɪsˈpɹuːdəns(jer-ihs-PROO-duhns) jurisprudence
83%
An inherited condition that affects bone, joint, and nerve health Greek ˌsudoʊˌsudoʊˌhaɪpoʊˌpɛrəˈθaɪˌrɔɪˌdɪzəm(soo-doh-soo-doh-high-poh-pair-uh-THIGH-roy-dihz-uhm) pseudopseudohypoparathyroidism
74%
A funnel-shaped cavity or organ Latin ɪnfʌnˈdɪbjʊləm(in-fun-DIB-yoo-luhm) infundibulum
61%
The nearly straight-line configuration of three celestial bodies in a gravitational system Greek + Latin ˈsɪz.ə.dʒi(SIHZ-uh-jee) syzygy
57%
An allotrope of carbon having a hollow molecule consisting of 60 atoms arranged in 12 pentagonal and 20 hexagonal faces to form a truncated icosahedron English ˌbʌkmɪnstəˈfʊləriːn(buhk-min-ster-FOAL-er-reen) buckminsterfullerene
52%
The quality of being honourable Latin ˌɒnəˌɹɪfɪkəˌbɪlɪtjuːˈdɪnɪtɪ(ah-nuh-rih-fih-kuh-bil-uh-too-DIH-nih-tee) honorificabilitudinity
52%
Recently started but not fully formed yet; just begun; only elementary or immature Latin ɪnˈkoʊət(in-KOH-uht) inchoate
52%
A polypeptide tropic hormone produced by and secreted by the anterior pituitary gland Greek + Latin əˌdrinoʊˌkɔrdəkoʊˈtrɑpən(uh-DREE-no-kor-tih-ko-troh-pen) adrenocorticotrophin
48%
A large, sweet pineapple grown especially in Brazil Portuguese + (potentially) Tupi ˈæ.bə.kəˌʃi(A-buh-kuh-shee) abacaxi
43%
No matching quizzes found
Score Distribution
Percent of People with Each Score
Percentile by Number Answered
Your Score History
You have not taken this quiz